[Event "Euro Online U2300 Day 1"]
[Site "chess.com INT"]
[Date "2020.05.25"]
[Round "6"]
[White "Haring, Viktor"]
[Black "Matic, Zeljko"]
[Result "1-0"]
[WhiteTitle "FM"]
[WhiteElo "2298"]
[BlackElo "2144"]
[WhiteFideId "14919400"]
[BlackFideId "14505690"]
[EventDate "2020.05.25"]

1. e4 d5 2. exd5 Qxd5 3. Nc3 Qd6 4. d4 Nf6 5. Nf3 a6 6. Bg5 Nbd7 7. Be2 b5 8.
O-O Bb7 9. Bh4 e6 10. Bg3 Qb6 11. a4 b4 12. a5 Qa7 13. Na4 Bd6 14. c4 bxc3 15.
bxc3 O-O 16. c4 Rfd8 17. Qc1 Rab8 18. c5 Bxg3 19. hxg3 Bc6 20. Nb2 Rb4 21. Nd3
Bxf3 22. Nxb4 Bxe2 23. Nc6 Qa8 24. Nxd8 Bxf1 25. Qxf1 Qxd8 26. Qxa6 Nf8 27. Qc4
Qa8 28. a6 N6d7 29. Qb4 c6 30. a7 f6 31. Qa5 Kf7 32. Qc7 g5 33. Rb1 Kg6 34. Rb8
Nxb8 35. axb8=Q Qa1+ 36. Kh2 Qd1 37. Qe8+ Kf5 38. Qcxc6 1-0

[Event "Euro Online U2300 Day 1"]
[Site "chess.com INT"]
[Date "2020.05.25"]
[Round "6"]
[White "Iro, Christian"]
[Black "Hansch, Stephan"]
[Result "1/2-1/2"]
[BlackTitle "CM"]
[WhiteElo "2081"]
[BlackElo "2149"]
[WhiteFideId "1637606"]
[BlackFideId "24692514"]
[EventDate "2020.05.25"]

1. e4 c5 2. Nf3 d6 3. d4 cxd4 4. Nxd4 Nf6 5. Nc3 a6 6. Be2 e5 7. Nb3 Be7 8. O-O
O-O 9. Be3 Be6 10. f3 Nbd7 11. Nd5 Bxd5 12. exd5 b5 13. a4 b4 14. a5 Qc7 15. Qd2
Qb7 16. Rfd1 Ne8 17. Bb6 Nc7 18. Bxc7 Qxc7 19. Qxb4 Qxc2 20. Bd3 Qc7 21. Rac1
Qa7+ 22. Kh1 Rab8 23. Qa4 Nf6 24. Nd2 Nxd5 25. Bxh7+ Kxh7 26. Qe4+ Kg8 27. Qxd5
Rxb2 28. Nc4 Rb5 29. Qd3 Rd8 30. Rb1 Rc5 31. Rb6 Qc7 32. Ne3 Rxa5 33. Rxa6 Rxa6
34. Qxa6 d5 35. Qd3 d4 36. Ng4 Rb8 37. f4 exf4 38. Qxd4 Qc2 39. Qg1 Qe2 40. Nh6+
gxh6 41. Re1 Qg4 42. Rxe7 Rb2 43. Re1 Kh7 44. Qf1 Qg6 45. Qf3 h5 46. Rf1 Qf5 47.
Kg1 Kg6 48. Qxf4 Qxf4 1/2-1/2

[Event "Euro Online U2300 Day 1"]
[Site "chess.com INT"]
[Date "2020.05.25"]
[Round "6"]
[White "Lisin, Egor"]
[Black "Skliarov, Viktor"]
[Result "1-0"]
[BlackTitle "IM"]
[WhiteElo "1943"]
[BlackElo "2376"]
[WhiteFideId "34147257"]
[BlackFideId "14106736"]
[EventDate "2020.05.25"]

1. e4 c5 2. d3 Nc6 3. Nc3 g6 4. g3 Bg7 5. Bg2 d6 6. Bg5 Rb8 7. Qd2 b5 8. Nge2 b4
9. Nd1 Nd4 10. O-O h5 11. Nc1 Bh3 12. c3 Bxg2 13. Kxg2 bxc3 14. bxc3 Ne6 15. Be3
h4 16. Qc2 Nf6 17. Qa4+ Qd7 18. Qxd7+ Kxd7 19. f3 d5 20. e5 Ne8 21. f4 hxg3 22.
hxg3 d4 23. Bf2 N8c7 24. Nb3 Nb5 25. cxd4 Nbxd4 26. Nxc5+ Nxc5 27. Bxd4 Ne6 28.
Bxa7 Ra8 29. Be3 Ra3 30. Nf2 Rha8 31. Rfb1 Nc7 32. Rb7 Kc8 33. Rb2 Nd5 34. Rc1+
Kd8 35. Kf3 f5 36. Rc6 R8a6 37. Rbc2 Kd7 38. e6+ Kd8 39. Rc8# 1-0

[Event "Euro Online U2300 Day 1"]
[Site "chess.com INT"]
[Date "2020.05.25"]
[Round "6"]
[White "Vuckovic, Marko"]
[Black "Chertkov, Maksim"]
[Result "1-0"]
[WhiteElo "2059"]
[BlackElo "1972"]
[WhiteFideId "16501870"]
[BlackFideId "54145481"]
[EventDate "2020.05.25"]

1. e4 e5 2. Nf3 Nc6 3. d4 exd4 4. Nxd4 Nf6 5. Nc3 Bb4 6. Nxc6 bxc6 7. Bd3 d5 8.
exd5 cxd5 9. Qe2+ Be6 10. Bb5+ Nd7 11. O-O Bxc3 12. bxc3 O-O 13. Rd1 Nb6 14. c4
Qf6 15. Ba3 Rfd8 16. cxd5 Rxd5 17. Bc6 Rxd1+ 18. Rxd1 Rd8 19. Bb2 Qe7 20. a4
Rxd1+ 21. Qxd1 Bd7 22. Bxd7 Nxd7 23. h3 h6 24. Qd4 Qf6 25. Qxf6 gxf6 26. a5 a6
27. Kf1 f5 28. Ke2 Kf8 29. Kd3 Ke7 30. h4 h5 31. Bd4 Ke6 32. c4 Nb8 33. Bc3 Nc6
34. f3 Ne5+ 35. Bxe5 Kxe5 36. g3 f4 37. g4 hxg4 38. fxg4 c5 39. Ke2 Kd4 40. h5
Ke5 41. Kf3 Kf6 42. Kxf4 Kg7 43. Ke5 Kh6 44. Kf6 Kh7 45. Kxf7 Kh6 46. Kf6 Kh7
47. g5 Kg8 48. g6 Kh8 49. h6 Kg8 50. g7 Kh7 51. Kf7 Kxh6 52. g8=Q Kh5 53. Qg3
Kh6 54. Qg6# 1-0

[Event "Euro Online U2300 Day 1"]
[Site "chess.com INT"]
[Date "2020.05.25"]
[Round "6"]
[White "Rogule, Laura"]
[Black "Miletic, Vuk"]
[Result "1-0"]
[WhiteTitle "WGM"]
[WhiteElo "2297"]
[BlackElo "2159"]
[WhiteFideId "11601876"]
[BlackFideId "16503406"]
[EventDate "2020.05.25"]

1. c4 e5 2. Nc3 Bb4 3. g3 Nf6 4. Bg2 O-O 5. e4 Re8 6. Nge2 Nc6 7. O-O a6 8. Nd5
Bc5 9. d3 h6 10. Be3 d6 11. Qd2 Be6 12. h3 Bxe3 13. fxe3 Nh7 14. Kh2 Qd7 15. Rf2
b5 16. Raf1 bxc4 17. dxc4 Rab8 18. g4 Ne7 19. Ng3 g6 20. b3 Kg7 21. Nc3 Rf8 22.
Nf5+ gxf5 23. exf5 Bxc4 24. f6+ Nxf6 25. bxc4 Neg8 26. Rf5 Nh7 27. Ne4 Ne7 28.
R5f2 f5 29. gxf5 Rxf5 30. Ng3 Rxf2 31. Qxf2 Rf8 32. Nh5+ Kh8 33. Qxf8+ Nxf8 34.
Rxf8+ 1-0

[Event "Euro Online U2300 Day 1"]
[Site "chess.com INT"]
[Date "2020.05.25"]
[Round "6"]
[White "Buehler, Michael"]
[Black "Revuckij, Vladimir"]
[Result "0-1"]
[BlackTitle "IM"]
[WhiteElo "2087"]
[BlackElo "2354"]
[WhiteFideId "1326490"]
[BlackFideId "14106167"]
[EventDate "2020.05.25"]

1. Nf3 c5 2. c4 e6 3. d4 cxd4 4. Nxd4 Nf6 5. g3 Nc6 6. Bg2 Qb6 7. Nb3 Be7 8. O-O
d6 9. Nc3 a6 10. Be3 Qc7 11. Na4 Nd7 12. Rc1 b6 13. Nd4 Bb7 14. Nc3 Nxd4 15.
Bxd4 O-O 16. Bxb7 Qxb7 17. e4 Rac8 18. Qe2 Rfe8 19. Rfd1 Bf8 20. Be3 Rc7 21. b3
Rec8 22. Qd2 b5 23. cxb5 axb5 24. f3 Ne5 25. Kg2 Rc6 26. Bd4 Nd7 27. Ne2 Nc5 28.
Rc3 Qa6 29. Rdc1 Nd7 30. Rxc6 Rxc6 31. Rxc6 Qxc6 32. Qc3 Qb7 33. a4 bxa4 34.
bxa4 d5 35. exd5 Qxd5 36. a5 e5 37. Be3 Qb5 38. Nc1 h6 0-1

[Event "Euro Online U2300 Day 1"]
[Site "chess.com INT"]
[Date "2020.05.25"]
[Round "6"]
[White "Hakobyan, Hakob V."]
[Black "Jafarli, Babak"]
[Result "1-0"]
[WhiteElo "2070"]
[BlackElo "2020"]
[WhiteFideId "13308807"]
[BlackFideId "13406019"]
[EventDate "2020.05.25"]

1. Nf3 Nf6 2. c4 c5 3. Nc3 g6 4. d4 cxd4 5. Nxd4 Bg7 6. e4 O-O 7. Be2 Nc6 8. Be3
d6 9. O-O Nxd4 10. Bxd4 Qa5 11. Rb1 Be6 12. b4 Qc7 13. Rc1 Rfc8 14. Nd5 Bxd5 15.
exd5 a6 16. Re1 Qd7 17. Qd2 b5 18. c5 dxc5 19. Bxf6 Bxf6 20. bxc5 Rd8 21. Bf3
Rac8 22. Red1 Qf5 23. Qa5 Bb2 24. Rb1 Be5 25. Rb3 Qc2 26. c6 Rd6 27. Qxa6 Rcxc6
28. Qxc6 Rxc6 29. dxc6 Qxa2 30. Rxb5 Bd6 31. Rb7 Qc2 32. g3 Bc5 33. Rf1 Bd6 34.
Kg2 g5 35. Re1 g4 36. Be4 Qd2 37. Rbb1 Kg7 38. Rbc1 Bc7 39. Red1 Qa5 40. Rd5 Qa4
41. Rg5+ Kf8 42. Rxg4 e6 43. Bf3 Qa2 44. Rgc4 Qa5 45. Rd1 h5 46. Rd7 Qb5 47. Rh4
Bb6 48. Rf4 f5 49. Rb7 Qc5 50. Ra4 Qxf2+ 51. Kh3 Qf1+ 52. Bg2 Qd1 53. Ra8+ Bd8
54. Rxd8+ Qxd8 55. c7 Qc8 56. Rb8 Qxb8 57. cxb8=Q+ 1-0

[Event "Euro Online U2300 Day 1"]
[Site "chess.com INT"]
[Date "2020.05.25"]
[Round "6"]
[White "Xylogiannopoulos, Antonios"]
[Black "Loew, Gerald"]
[Result "0-1"]
[BlackTitle "FM"]
[WhiteElo "2267"]
[BlackElo "2152"]
[WhiteFideId "4215133"]
[BlackFideId "4615875"]
[EventDate "2020.05.25"]

1. e4 d6 2. d4 Nf6 3. Nc3 e5 4. dxe5 dxe5 5. Qxd8+ Kxd8 6. Bc4 Be6 7. Bxe6 fxe6
8. Bg5 Bd6 9. O-O-O Ke7 10. f3 a6 11. Nh3 Nc6 12. Ne2 b5 13. Nf2 a5 14. Nd3 Nb4
15. c3 Nxd3+ 16. Rxd3 a4 17. Rhd1 h6 18. Be3 g5 19. h3 Rag8 20. c4 bxc4 21. Rc3
a3 22. Rxc4 axb2+ 23. Kb1 Ra8 24. Nc3 Rhb8 25. Bc5 Rb7 26. Rd2 Nd7 27. Bxd6+
cxd6 28. Rc6 Ra3 29. Rdxd6 Nc5 30. Nd1 Rxa2 31. Rb6 Ra1+ 32. Kxb2 Rxb6+ 33. Rxb6
Rxd1 34. Rc6 Nd3+ 35. Kb3 Nf4 36. Rc7+ Kf6 37. Rc2 Rg1 0-1

[Event "Euro Online U2300 Day 1"]
[Site "chess.com INT"]
[Date "2020.05.25"]
[Round "6"]
[White "Kolbin, Anton"]
[Black "Sargsyan, Tigran R."]
[Result "0-1"]
[WhiteElo "2204"]
[BlackElo "2274"]
[WhiteFideId "24107271"]
[BlackFideId "13311328"]
[EventDate "2020.05.25"]

1. d4 d5 2. Bf4 e6 3. Nf3 c5 4. e3 Nf6 5. c3 Bd6 6. Bg3 Qc7 7. Nbd2 Nbd7 8. Bd3
O-O 9. O-O e5 10. dxe5 Nxe5 11. Nxe5 Bxe5 12. e4 Bg4 13. f3 Bxg3 14. hxg3 Qxg3
15. exd5 Bh5 16. Ne4 Nxe4 17. Bxe4 f5 18. Bd3 Rad8 19. Qe1 Qf4 20. g3 Qh6 21. c4
Rfe8 22. Qc1 Re3 23. Bxf5 Bxf3 24. Kf2 Rde8 25. Be6+ R8xe6 26. dxe6 Qh2+ 27.
Kxe3 Qe2+ 28. Kf4 Qe4+ 29. Kg5 h6# 0-1

[Event "Euro Online U2300 Day 1"]
[Site "chess.com INT"]
[Date "2020.05.25"]
[Round "6"]
[White "Fedorov, Evgueny"]
[Black "Pankratov, Oleg"]
[Result "0-1"]
[WhiteTitle "FM"]
[WhiteElo "2236"]
[BlackElo "2104"]
[WhiteFideId "4188004"]
[BlackFideId "24115290"]
[EventDate "2020.05.25"]

1. e4 g6 2. d4 Bg7 3. Nc3 d6 4. Be3 a6 5. Qd2 b5 6. a4 b4 7. Na2 a5 8. c3 Nf6 9.
f3 bxc3 10. bxc3 O-O 11. Nc1 Nbd7 12. Bb5 Bb7 13. Nge2 c6 14. Bd3 e5 15. Rb1 Qc7
16. O-O d5 17. Bh6 dxe4 18. fxe4 c5 19. Bxg7 Kxg7 20. d5 c4 21. Bc2 Ne8 22. Ng3
f6 23. d6 Nxd6 24. Rd1 Ra6 25. Nce2 Nc5 26. Qe3 Rf7 27. Kh1 Qc6 28. Ng1 Ndxe4
29. Nf3 Ng5 30. Rb5 Nd3 31. Nh4 Nf4 32. Qd2 Ra8 33. Rf1 Rd7 34. Qf2 Rad8 35. Kg1
Rd2 0-1

[Event "Euro Online U2300 Day 1"]
[Site "chess.com INT"]
[Date "2020.05.25"]
[Round "6"]
[White "Prigodin, Ruslan"]
[Black "Volovich, Vasily"]
[Result "0-1"]
[BlackTitle "FM"]
[WhiteElo "2036"]
[BlackElo "2177"]
[WhiteFideId "12801550"]
[BlackFideId "34169676"]
[EventDate "2020.05.25"]

1. d4 e6 2. Nf3 Nf6 3. Bf4 c5 4. c3 Nc6 5. e3 d5 6. Nbd2 Be7 7. Bd3 Nh5 8. Bg3
O-O 9. Ne5 g6 10. f4 Qb6 11. Qb3 c4 12. Qxb6 axb6 13. Be2 Nxg3 14. hxg3 b5 15.
Kf2 b4 16. Rh6 Nxe5 17. dxe5 Kg7 18. Rah1 Rh8 19. cxb4 Rxa2 20. Nf3 Rxb2 21. Nd4
Bxb4 22. g4 Bc5 23. f5 exf5 24. gxf5 Bxf5 25. Nxf5+ gxf5 26. Rf6 Rb3 27. Rh3 c3
28. Rg3+ Kf8 29. Bh5 Ke7 30. Rxf5 c2 31. Rxf7+ Kd8 32. Rgg7 c1=Q 33. Bg4 Qxe3+
34. Kf1 Rb1+ 0-1

[Event "Euro Online U2300 Day 1"]
[Site "chess.com INT"]
[Date "2020.05.25"]
[Round "6"]
[White "Khalikov, Bulat"]
[Black "Sudakova, Irina"]
[Result "0-1"]
[BlackTitle "WGM"]
[WhiteElo "2109"]
[BlackElo "2288"]
[WhiteFideId "34147869"]
[BlackFideId "4129903"]
[EventDate "2020.05.25"]

1. e4 c5 2. Nf3 d6 3. d4 Nf6 4. Nc3 cxd4 5. Nxd4 Nc6 6. Bg5 e6 7. Qd2 a6 8.
O-O-O Bd7 9. f4 b5 10. a3 Qb6 11. Nxc6 Bxc6 12. Bxf6 gxf6 13. f5 h5 14. Kb1 Qc5
15. h4 a5 16. Qd4 b4 17. Bb5 Rc8 18. Qxc5 dxc5 19. Bxc6+ Rxc6 20. Nb5 Rg8 21.
Rd2 Bh6 22. Rd3 Rxg2 23. Rhd1 Kf8 24. Rd8+ Kg7 25. Ra8 Bd2 26. Rd8 Bf4 27. R1d7
a4 28. Ka2 Rxc2 29. axb4 Be5 30. Rd2 cxb4 31. Rxc2 Rxc2 32. fxe6 Rxb2+ 33. Ka1
Rd2+ 34. Nd4 Bxd4+ 35. Rxd4 Rxd4 36. e7 Rxe4 0-1

[Event "Euro Online U2300 Day 1"]
[Site "chess.com INT"]
[Date "2020.05.25"]
[Round "6"]
[White "Karacsonyi, Gellert"]
[Black "Terletsky, Oleg"]
[Result "0-1"]
[WhiteTitle "FM"]
[BlackTitle "IM"]
[WhiteElo "2292"]
[BlackElo "2307"]
[WhiteFideId "764620"]
[BlackFideId "14116774"]
[EventDate "2020.05.25"]

1. e4 e5 2. Nf3 Nc6 3. Bb5 a6 4. Bxc6 dxc6 5. O-O f6 6. d4 exd4 7. Nxd4 c5 8.
Nb3 Qxd1 9. Rxd1 Bd7 10. Bf4 O-O-O 11. Nc3 Be6 12. Rxd8+ Kxd8 13. Rd1+ Kc8 14.
Nd5 Bxd5 15. Rxd5 b6 16. Nc1 Ne7 17. Rd2 g5 18. Bg3 Bg7 19. c3 f5 20. f3 fxe4
21. fxe4 Re8 22. Rf2 Nc6 23. Rf7 Be5 24. Bf2 Rd8 25. Be3 Bf4 26. Bxf4 Rd1+ 27.
Kf2 gxf4 28. Ne2 Ne5 29. Rxh7 Nd3+ 30. Kf3 Rf1+ 31. Kg4 Rf2 32. Rh8+ Kb7 33. Rd8
c4 34. Nd4 Rxg2+ 35. Kf5 Rxh2 36. Re8 Rxb2 37. e5 b5 38. e6 f3 39. e7 f2 40.
Rb8+ Kxb8 41. e8=Q+ Ka7 42. Nc6+ Kb6 43. Qe3+ Kxc6 44. Qf3+ Kb6 45. Qe3+ c5 46.
Qf3 f1=Q 47. Qxf1 Rf2+ 0-1

[Event "Euro Online U2300 Day 1"]
[Site "chess.com INT"]
[Date "2020.05.25"]
[Round "6"]
[White "Evans, Kevin"]
[Black "Pantovic, Dragan M"]
[Result "0-1"]
[WhiteElo "2081"]
[BlackElo "2051"]
[WhiteFideId "1801686"]
[BlackFideId "915211"]
[EventDate "2020.05.25"]

1. Nf3 Nf6 2. g3 g6 3. Bg2 Bg7 4. O-O O-O 5. d3 d6 6. e4 c5 7. Nc3 Nc6 8. h3 Rb8
9. Be3 b5 10. Qd2 Ne8 11. Nh4 Nd4 12. Nd1 b4 13. c3 bxc3 14. bxc3 Nc6 15. f4 e6
16. e5 Bb7 17. d4 cxd4 18. cxd4 dxe5 19. dxe5 Qxd2 20. Bxd2 Nc7 21. Rc1 Nd5 22.
Ne3 Rfd8 23. Nxd5 exd5 24. Rfe1 Bf8 25. Be3 Ba3 26. Rcd1 d4 27. Bf2 Na5 28. Rxd4
Rxd4 29. Bxd4 Bxg2 30. Nxg2 Nc6 31. Bc3 Bc5+ 32. Kf1 Nd4 33. Bxd4 Bxd4 34. Rd1
Rb4 35. Ne1 Bb6 36. Nd3 Ra4 37. Rd2 Ra3 38. Ke2 h5 39. g4 h4 40. f5 gxf5 41.
gxf5 Kg7 42. Rc2 Kh6 43. e6 fxe6 44. fxe6 Kg7 45. Nf4 Re3+ 46. Kd2 Re4 47. Nd3
Rxe6 48. Rc4 Rh6 49. Nb4 Rd6+ 50. Ke2 Rd4 51. Rxd4 Bxd4 52. Kf3 Kg6 53. Kg4 Bf2
54. Nd3 Bg3 55. a4 Kf6 56. Nc5 Ke5 57. Nd7+ Kd6 58. Nf6 Kc6 59. Ne4 Be1 60. Kf3
Kd5 61. Ng5 Kc4 62. Ke2 Bg3 63. Ne4 Bc7 64. Kf3 Kb4 65. Kg4 Bd8 66. Ng5 Kxa4 67.
Kxh4 a5 68. Kg4 Bxg5 69. Kxg5 Kb5 70. h4 a4 71. h5 a3 72. h6 a2 73. Kg6 a1=Q 74.
h7 Qh8 75. Kh6 Kc6 76. Kg6 Kd6 77. Kh6 Ke6 78. Kg6 Ke7 79. Kh6 Kf6 80. Kh5 Qxh7+ 0-1

[Event "Euro Online U2300 Day 1"]
[Site "chess.com INT"]
[Date "2020.05.25"]
[Round "6"]
[White "Rozgonyi, Aron"]
[Black "Droin, Augustin"]
[Result "1-0"]
[BlackTitle "FM"]
[WhiteElo "2117"]
[BlackElo "2313"]
[WhiteFideId "706159"]
[BlackFideId "45105987"]
[EventDate "2020.05.25"]

1. e4 c5 2. Nf3 Nc6 3. d4 cxd4 4. Nxd4 Nf6 5. Nc3 e5 6. Ndb5 d6 7. Bg5 a6 8. Na3
b5 9. Nd5 Be7 10. Nxe7 Nxe7 11. Bxf6 gxf6 12. c4 Bb7 13. cxb5 Bxe4 14. bxa6 O-O
15. Qd2 d5 16. b4 Qb6 17. b5 Qc5 18. Qb2 Rfb8 19. Rc1 Qd6 20. Nc2 Qxa6 21. Nb4
Qd6 22. Be2 d4 23. Bc4 Ra4 24. a3 Rba8 25. O-O Rxa3 26. Na6 Kg7 27. Rfd1 Bg6 28.
Bf1 d3 29. Nc7 Rb8 30. b6 Rxb6 31. Ne8+ Kf8 32. Nxd6 Ra8 33. Qxb6 1-0

[Event "Euro Online U2300 Day 1"]
[Site "chess.com INT"]
[Date "2020.05.25"]
[Round "6"]
[White "Samunenkov, Ihor"]
[Black "Delaney, Killian"]
[Result "1-0"]
[BlackTitle "FM"]
[WhiteElo "2142"]
[BlackElo "2314"]
[WhiteFideId "14187086"]
[BlackFideId "2501570"]
[EventDate "2020.05.25"]

1. e4 c6 2. Nf3 d5 3. Nc3 Bg4 4. h3 Bh5 5. exd5 cxd5 6. g4 Bg6 7. Bb5+ Nc6 8.
Ne5 Rc8 9. d4 e6 10. h4 f6 11. Nxg6 hxg6 12. Bd3 Kf7 13. Ne2 Bd6 14. c3 Nge7 15.
Be3 e5 16. Qd2 e4 17. Bc2 g5 18. h5 Qd7 19. Rg1 b5 20. O-O-O b4 21. Kb1 Na5 22.
cxb4 Nc4 23. Qe1 Qb7 24. Bd2 a5 25. Bb3 Bxb4 26. Bxb4 axb4 27. Ng3 Rhd8 28. Qe2
Na5 29. Qe3 Nxb3 30. Qxb3 Rc4 31. Nxe4 Nc6 32. Nc5 Qb5 33. Qd3 Nxd4 34. Qg6+ Kf8
35. h6 gxh6 36. Qxf6+ Kg8 37. Qxd8+ Kh7 38. Qxd5 1-0

[Event "Euro Online U2300 Day 1"]
[Site "chess.com INT"]
[Date "2020.05.25"]
[Round "6"]
[White "Hofer, Maximilian"]
[Black "Golubenko, Valentina"]
[Result "0-1"]
[BlackTitle "WGM"]
[WhiteElo "2108"]
[BlackElo "2209"]
[WhiteFideId "1625560"]
[BlackFideId "4501993"]
[EventDate "2020.05.25"]

1. e4 g6 2. d4 Bg7 3. Nf3 c5 4. c4 cxd4 5. Nxd4 Nc6 6. Be3 Qb6 7. Ne6 Qxb2 8.
Nxg7+ Qxg7 9. Nd2 Nb4 10. Rb1 Qc3 11. Rc1 Nd3+ 12. Bxd3 Qxd3 13. Qf3 d6 14. Rb1
Nf6 15. Rb3 Qc2 16. O-O O-O 17. Bh6 Rd8 18. h3 Qxa2 19. Qc3 Qa6 20. g4 Be6 21.
Nf3 Qxc4 22. Qa1 Qxb3 23. Nd4 Qxh3 24. g5 Qg4+ 25. Kh1 Qxe4+ 26. f3 Qh4+ 27. Kg2
Bh3+ 28. Kg1 Qg3+ 29. Kh1 Qg2# 0-1

[Event "Euro Online U2300 Day 1"]
[Site "chess.com INT"]
[Date "2020.05.25"]
[Round "6"]
[White "Orgse, Karl Kristofer"]
[Black "Jaroch, Pawel"]
[Result "1/2-1/2"]
[WhiteElo "1724"]
[BlackElo "2199"]
[WhiteFideId "4506081"]
[BlackFideId "1124366"]
[EventDate "2020.05.25"]

1. e4 e6 2. d4 d5 3. Nc3 Bb4 4. e5 c5 5. a3 Ba5 6. Qg4 Ne7 7. Nf3 Nbc6 8. Bb5
cxd4 9. Nxd4 Bd7 10. Bxc6 bxc6 11. Qxg7 Rg8 12. Qf6 Rg6 13. Qf3 c5 14. Nb3 Bb6
15. O-O c4 16. Nd2 Bd4 17. Re1 Qc7 18. Qf4 Nc6 19. Nf3 Bxc3 20. bxc3 O-O-O 21.
Nd4 Nxd4 22. cxd4 Ba4 23. Bd2 Bxc2 24. Bb4 Kb7 25. Rec1 Bb3 26. Rab1 Qd7 27. Qe3
Ka8 28. Bd6 Qb7 29. Qc3 Rdg8 30. g3 h5 31. h4 Rg4 32. Kh2 Qb5 33. Rb2 R4g6 34.
Rcb1 Qb7 35. a4 a6 36. a5 Rc8 37. Rc1 Rgg8 38. Bc5 Qc6 39. Qb4 Qb5 40. Qxb5 axb5
41. Rxb3 cxb3 42. Rb1 Kb7 43. Rxb3 Ka6 44. Rf3 Rg7 45. Bb6 Rc4 46. Rb3 Rg4 47.
Rd3 b4 48. Kg2 Rc3 49. Rd2 b3 50. Rb2 Re4 51. Kf1 Kb5 52. Rb1 Ka6 53. Rb2 Rg4
54. Ke1 Rg8 55. Kd2 Rgc8 56. Bc5 Rc2+ 57. Rxc2 bxc2 58. Kxc2 Kxa5 59. Kd3 Kb5
60. Bd6 Ra8 61. f3 Rg8 62. g4 hxg4 63. fxg4 Rxg4 64. Be7 Rg3+ 65. Ke2 Kc4 66.
Kf2 Rg4 67. Kf3 Rg8 68. Ke3 Rg6 69. Bf6 Rg4 70. Kf3 Rg6 71. Ke3 Rh6 72. Bg5 Rh8
73. Bf6 Rg8 74. h5 Rg3+ 75. Kf4 Rh3 76. Kg4 Rh1 77. Bh4 Kxd4 78. h6 Rg1+ 79. Bg3
Rh1 80. Bh4 Rg1+ 81. Bg3 Ra1 82. h7 Ra8 83. Kg5 Ke3 84. Be1 d4 85. Kf6 d3 86.
Kxf7 1/2-1/2

[Event "Euro Online U2300 Day 1"]
[Site "chess.com INT"]
[Date "2020.05.25"]
[Round "6"]
[White "Frisk, Ellinor"]
[Black "Hryzlova, Sofiia"]
[Result "0-1"]
[WhiteTitle "WIM"]
[WhiteElo "2176"]
[BlackElo "1940"]
[WhiteFideId "1708481"]
[BlackFideId "14174669"]
[EventDate "2020.05.25"]

1. d4 Nf6 2. Bg5 e6 3. e4 h6 4. Bxf6 Qxf6 5. Nf3 d6 6. Bd3 g6 7. O-O Bg7 8. c4
O-O 9. Nc3 b6 10. e5 dxe5 11. dxe5 Qe7 12. Be4 c6 13. Qe2 Bb7 14. Rad1 Na6 15.
Rd2 Rfd8 16. Rfd1 Nc5 17. Bc2 Kf8 18. h4 a5 19. Ne4 Nxe4 20. Bxe4 Ke8 21. Nd4
Rac8 22. f4 Qxh4 23. Qf3 Kf8 24. c5 bxc5 25. g3 Qe7 26. Nxc6 Bxc6 27. Bxc6 c4
28. Kh2 Kg8 29. Rd6 Bf8 30. Qe4 Qc7 31. Rxd8 Rxd8 32. Rxd8 Qxd8 33. Qxc4 Qd2+
34. Kh3 Qxb2 35. Be8 Qb7 36. Kg4 h5+ 37. Kg5 Qe7# 0-1

[Event "Euro Online U2300 Day 1"]
[Site "chess.com INT"]
[Date "2020.05.25"]
[Round "6"]
[White "Marjanovic, Annamaria"]
[Black "Mammadov, Sadig"]
[Result "0-1"]
[WhiteTitle "WGM"]
[BlackTitle "FM"]
[WhiteElo "2338"]
[BlackElo "2237"]
[WhiteFideId "750930"]
[BlackFideId "13408712"]
[EventDate "2020.05.25"]

1. c4 Nf6 2. g3 g6 3. Bg2 Bg7 4. Nc3 d6 5. Nf3 O-O 6. d3 e5 7. O-O Re8 8. Rb1 a5
9. a3 e4 10. dxe4 Nxe4 11. Nxe4 Rxe4 12. b3 a4 13. Nd2 Re7 14. b4 Qe8 15. e3 Nc6
16. Bb2 Ne5 17. Qc2 Bf5 18. e4 Bg4 19. f3 Bd7 20. Rbe1 Qf8 21. Kh1 Nc6 22. Bxg7
Qxg7 23. f4 Nd4 24. Qd3 Rae8 25. Rc1 Bg4 26. Rf2 c5 27. b5 b6 28. h3 Qh6 29. Kh2
f5 30. exf5 Bxf5 31. Qf1 Re2 32. Rxe2 Rxe2 33. Kg1 Rxd2 34. Re1 Qf8 35. Bd5+ Kg7
36. Re3 Bc2 37. g4 Rd1 38. Re1 Bd3 39. Qf2 Rxe1+ 40. Qxe1 Bxc4 41. Bg2 Ne2+ 42.
Kh1 Qxf4 43. Qa1+ Qe5 44. Qb1 Bd5 45. Qc2 Bxg2+ 46. Kxg2 Nf4+ 47. Kf3 Ne6 48.
Qxa4 Nd4+ 49. Kf2 Qe2+ 50. Kg3 Qe1+ 51. Kg2 Qe4+ 52. Kf1 Qf3+ 0-1

[Event "Euro Online U2300 Day 1"]
[Site "chess.com INT"]
[Date "2020.05.25"]
[Round "6"]
[White "Mostbauer, Florian"]
[Black "Lystsov, Leonid"]
[Result "1/2-1/2"]
[WhiteTitle "FM"]
[BlackTitle "CM"]
[WhiteElo "2309"]
[BlackElo "2038"]
[WhiteFideId "1626671"]
[BlackFideId "44173873"]
[EventDate "2020.05.25"]

1. c4 g6 2. g3 Bg7 3. Bg2 Nf6 4. e3 O-O 5. Ne2 c5 6. O-O Nc6 7. Nbc3 d6 8. b3
Bd7 9. Bb2 a6 10. d4 cxd4 11. exd4 Rb8 12. Qd2 b5 13. c5 dxc5 14. dxc5 Qc7 15.
Nf4 Rfd8 16. Ncd5 Nxd5 17. Nxd5 Qa7 18. Bxg7 Kxg7 19. Qc3+ e5 20. Nb6 Nd4 21.
Qe3 f6 22. Rac1 Bc6 23. Bxc6 Nxc6 24. Rcd1 Nd4 25. f4 Nf5 26. Qe2 Qc7 27. b4
exf4 28. Rxf4 Qe5 29. Re1 Qxe2 30. Rxe2 a5 31. bxa5 Rb7 32. a4 bxa4 33. Rxa4
Rd1+ 34. Kg2 Rc1 35. a6 Ra7 36. Nc8 Ra8 37. Nb6 Ra7 38. Nc8 Ra8 39. a7 Rxc8 40.
a8=Q Rxa8 41. Rxa8 Rxc5 42. Ra7+ Kh6 43. Rf7 Rc6 44. Rd7 g5 45. Kf2 Kg6 46. g4
Nh4 47. Ree7 f5 48. Rg7+ Kf6 49. Rdf7+ Ke5 50. Rxg5 Kf4 51. Rgxf5+ Nxf5 52. gxf5
Rc2+ 53. Kg1 Kf3 54. h4 Rc1+ 55. Kh2 Rc2+ 56. Kg1 Kg4 57. f6 Kf5 58. Rf8 Ke6 59.
Rh8 Rc7 60. Kg2 Kxf6 61. Kg3 Kg7 62. Re8 Rc3+ 63. Kg4 Rc4+ 64. Kg3 Kf6 65. Re3
h5 66. Rf3+ Ke5 67. Ra3 Rg4+ 68. Kh3 Rd4 69. Ra5+ 1/2-1/2

[Event "Euro Online U2300 Day 1"]
[Site "chess.com INT"]
[Date "2020.05.25"]
[Round "6"]
[White "Eret, Matous"]
[Black "Samadov, Read"]
[Result "0-1"]
[BlackTitle "CM"]
[WhiteElo "2166"]
[BlackElo "2332"]
[WhiteFideId "364509"]
[BlackFideId "13417444"]
[EventDate "2020.05.25"]

1. Nf3 Nf6 2. d3 d5 3. Nbd2 c5 4. e3 Nc6 5. c4 e5 6. cxd5 Nxd5 7. a3 Be7 8. Be2
O-O 9. O-O Be6 10. Qc2 Rc8 11. b3 f6 12. Bb2 b6 13. Rac1 Qe8 14. Rfd1 Qf7 15.
Qb1 Rfd8 16. Bf1 h6 17. Ba1 Bf8 18. g3 Rc7 19. Bg2 Rcd7 20. b4 Rc7 21. b5 Na5
22. Bb2 Rdc8 23. Nh4 Ne7 24. Ne4 Rd7 25. d4 exd4 26. exd4 c4 27. Bc3 Nb3 28. Rc2
Nd5 29. f4 Ne3 30. f5 Bd5 31. Re2 Nxd1 32. Qxd1 Re8 33. Ng6 Bxe4 34. Bxe4 Bc5
35. Kg2 Nxd4 36. Re1 Nxf5 37. Bd5 Qxd5+ 38. Qxd5+ Rxd5 39. Rxe8+ Kf7 40. Nf4
Kxe8 41. Nxd5 Bxa3 42. Kf3 Nd6 43. Ne3 Nxb5 44. Nxc4 Nxc3 45. Nxa3 Kd7 46. Ke3
Kc6 47. Kd3 Nb5 48. Nc4 Nd6 49. Ne3 b5 50. Nc2 a5 51. Nd4+ Kd5 0-1